[Event "40th Bosna Open"]
[Site "Sarajevo BIH"]
[Date "2010.05.06"]
[Round "2"]
[White "Rukavina,J"]
[Black "Jankovic,A"]
[Result "0-1"]
[WhiteElo "2397"]
[BlackElo "2559"]
[EventDate "2010.05.05"]

1. c4 e5 2. g3 Nf6 3. Bg2 Bc5 4. Nc3 O-O 5. e3 d6 6. Nge2 c6 7. O-O Re8 8.
d4 Bb6 9. d5 a5 10. b3 Bf5 11. Ba3 Bc7 12. dxc6 bxc6 13. Qd2 Re7 14. Rfd1
Rd7 15. Qb2 d5 16. cxd5 cxd5 17. Nb5 Na6 18. Nxc7 Qxc7 19. Rac1 Qb8 20. Nc3
Be6 21. Na4 Nb4 22. Qa1 Bg4 23. f3 Bf5 24. Nc5 Re7 25. e4 dxe4 26. fxe4 Bg4
27. Rd2 Ne8 28. h3 Bh5 29. Kh2 f6 30. Qc3 Rc7 31. Qc4+ Bf7 32. Qe2 Qc8 33.
Bxb4 axb4 34. Rdc2 Nd6 35. Nd3 Rxc2 36. Rxc2 Qb7 37. Qe1 Rb8 38. Qc1 Nb5
39. Rc5 Nd4 40. Nb2 h6 41. Rc7 Qa8 42. Na4 Rd8 43. Qe1 Qa6 44. Qe3 Be8 45.
Qc1 Bxa4 46. bxa4 Qxa4 47. Qc4+ Kh8 48. Qf7 Rg8 49. h4 Qd1 50. Re7 Qe2 51.
Kh3 Nf3 52. Re8 Ng1+ 53. Kh2 Nf3+ 54. Kh3 Rxe8 55. Qxe8+ Kh7 56. h5 Ng5+
57. Kh4 Qxa2 58. Bh3 Nxh3 59. Kxh3 Qg8 0-1

[Event "40th Bosna Open"]
[Site "Sarajevo BIH"]
[Date "2010.05.06"]
[Round "2"]
[White "Godena,M"]
[Black "Thorfinnsson,Br"]
[Result "1-0"]
[WhiteElo "2554"]
[BlackElo "2422"]
[EventDate "2010.05.05"]

1. e4 c5 2. c3 Nf6 3. e5 Nd5 4. Nf3 e6 5. Bc4 d6 6. d4 cxd4 7. cxd4 Nb6 8.
Bd3 dxe5 9. dxe5 N8d7 10. O-O Nc5 11. Be2 Qxd1 12. Rxd1 Bd7 13. Nc3 a6 14.
Be3 Nba4 15. Nxa4 Nxa4 16. Rdc1 b6 17. b3 Nc5 18. Nd2 Bb5 19. Nc4 Bxc4 20.
Rxc4 Be7 21. b4 Nd7 22. f4 b5 23. Rc7 Bd8 24. Rc6 g5 25. g3 gxf4 26. gxf4
Rg8+ 27. Kf1 Be7 28. Rd1 Nf8 29. Rxa6 1-0

[Event "40th Bosna Open"]
[Site "Sarajevo BIH"]
[Date "2010.05.06"]
[Round "2"]
[White "Jakovljevic,Vlado"]
[Black "Kosintseva,N"]
[Result "1/2-1/2"]
[WhiteElo "2395"]
[BlackElo "2553"]
[EventDate "2010.05.05"]

1. Nf3 d5 2. d4 Nf6 3. c4 e6 4. Nc3 Bb4 5. cxd5 exd5 6. Bg5 Nbd7 7. e3 c5
8. Bb5 Qa5 9. O-O Bxc3 10. Bxd7+ Nxd7 11. bxc3 O-O 12. Qc2 Re8 13. a4 Nb6
14. Rfb1 a6 15. Nd2 c4 16. Bf4 Nd7 17. e4 dxe4 18. Nxc4 Qd5 19. Ne3 Qh5 20.
c4 Nf8 21. Rb6 Ng6 22. Bg3 f5 23. Nd5 Bd7 24. Nc7 f4 25. Nxa8 fxg3 26. hxg3
e3 27. Nc7 Bf5 28. Qb2 Rf8 29. Nd5 exf2+ 30. Qxf2 Bd3 31. Qe3 Bxc4 32. Nf4
Nxf4 33. gxf4 Re8 34. Qf3 Qa5 35. Rxb7 Re1+ 36. Rxe1 Qxe1+ 37. Kh2 Qh4+ 38.
Qh3 Qxf4+ 39. Qg3 Qh6+ 40. Qh3 Qf4+ 41. Qg3 Qh6+ 42. Qh3 Qf4+ 43. Qg3 Qh6+
1/2-1/2

[Event "40th Bosna Open"]
[Site "Sarajevo BIH"]
[Date "2010.05.06"]
[Round "2"]
[White "Kurajica,B"]
[Black "Csiszar,C"]
[Result "1-0"]
[WhiteElo "2548"]
[BlackElo "2417"]
[EventDate "2010.05.05"]

1. Nf3 Nf6 2. d4 e6 3. g3 c5 4. Bg2 Nc6 5. O-O Qb6 6. dxc5 Bxc5 7. c4 Ne4
8. e3 O-O 9. a3 a5 10. Qc2 d5 11. Rd1 Rd8 12. Ne1 Be7 13. cxd5 exd5 14. Nc3
Nxc3 15. bxc3 Be6 16. Rb1 Qc7 17. Qb3 Rd7 18. Qb6 Qe5 19. Nd3 Qh5 20. Bb2
Ra6 21. Qb5 g5 22. Ba1 Bg4 23. Rd2 Na7 24. Qb3 Rh6 25. h4 Nc6 26. c4 dxc4
27. Qxc4 Rhd6 28. hxg5 Qxg5 29. Rb5 Qg6 30. Nf4 Qh6 31. Nd5 Be6 32. Nxe7+
Nxe7 33. Qc3 f6 34. Rxd6 Rxd6 35. Bf3 b6 36. Qxf6 Qxf6 37. Bxf6 Nd5 38. Be5
Rd7 39. e4 Ne7 40. Rxb6 1-0

[Event "40th Bosna Open"]
[Site "Sarajevo BIH"]
[Date "2010.05.06"]
[Round "2"]
[White "Kantorik,M"]
[Black "Solak,D"]
[Result "0-1"]
[WhiteElo "2390"]
[BlackElo "2547"]
[EventDate "2010.05.05"]

1. d4 d6 2. c4 e5 3. Nf3 e4 4. Ng5 f5 5. Nc3 h6 6. Nh3 g5 7. g3 Bg7 8. Bg2
Nf6 9. O-O O-O 10. f3 Qe7 11. Nf2 Nc6 12. e3 exf3 13. Bxf3 Bd7 14. Bd2 Rae8
15. b4 Kh8 16. Nd5 Nxd5 17. cxd5 Nd8 18. Rc1 c6 19. dxc6 Bxc6 20. Re1 Qe6
21. a4 Bxf3 22. Qxf3 Qa2 23. Qd1 Ne6 24. Qc2 Qxc2 25. Rxc2 f4 26. Rd1 d5
27. Bc1 fxe3 28. Bxe3 Nd8 29. Ng4 Re4 30. h3 h5 0-1

[Event "40th Bosna Open"]
[Site "Sarajevo BIH"]
[Date "2010.05.06"]
[Round "2"]
[White "Svetushkin,D"]
[Black "Willemze,T"]
[Result "1-0"]
[WhiteElo "2547"]
[BlackElo "2408"]
[EventDate "2010.05.05"]

1. e4 e6 2. d4 d5 3. Nc3 Bb4 4. e5 c5 5. a3 Bxc3+ 6. bxc3 Ne7 7. Nf3 Qa5 8.
Bd2 Qa4 9. Qb1 c4 10. h4 Nbc6 11. h5 h6 12. g3 Bd7 13. Bh3 O-O-O 14. Qc1
Rdf8 15. Nh4 Qa5 16. O-O g5 17. Ng2 Nf5 18. a4 f6 19. exf6 Nd6 20. Re1 Rxf6
21. Ne3 Rff8 22. Rb1 e5 23. Bxd7+ Kxd7 24. Ng4 exd4 25. cxd4 c3 26. Be3 Kc7
27. Ne5 Re8 28. Rb3 Nxe5 29. dxe5 Ne4 30. Qa3 Kb8 31. Reb1 Rh7 32. Rb5 Qd8
33. Qb4 Qe7 34. Qa5 1-0

[Event "40th Bosna Open"]
[Site "Sarajevo BIH"]
[Date "2010.05.06"]
[Round "2"]
[White "Mazi,L"]
[Black "Damljanovic,B"]
[Result "1-0"]
[WhiteElo "2383"]
[BlackElo "2539"]
[EventDate "2010.05.05"]

1. e4 c5 2. Nf3 e6 3. d4 cxd4 4. Nxd4 a6 5. c4 Nf6 6. Nc3 Qc7 7. Nc2 b6 8.
Qe2 Nc6 9. f4 d6 10. g4 g6 11. g5 Nh5 12. Bd2 h6 13. gxh6 Bxh6 14. Qf2 Rb8
15. O-O-O Bg7 16. Kb1 Bd7 17. Be2 Ne7 18. Rhf1 b5 19. cxb5 axb5 20. Nb4 Rb7
21. a3 Nf6 22. Bf3 O-O 23. Rc1 Qb8 24. h4 Rc8 25. h5 gxh5 26. Qh2 Ng6 27.
Bxh5 Rc4 28. Rg1 Ra7 29. Bxg6 fxg6 30. Rxg6 Be8 31. Rg2 Qa8 32. Rh1 Kf8 33.
Rhg1 Nh5 34. f5 Rxc3 35. Qxd6+ Re7 36. Rxg7 Qxe4+ 37. Ka1 Nxg7 38. Bxc3
Nxf5 39. Qh2 Rf7 40. Na6 Ke7 41. Qc7+ Kf8 42. Qh2 Ke7 43. Bb4+ Kf6 44. Qh8+
Rg7 45. Bf8 1-0

[Event "40th Bosna Open"]
[Site "Sarajevo BIH"]
[Date "2010.05.06"]
[Round "2"]
[White "Gislason,G"]
[Black "Abasov,N"]
[Result "1-0"]
[WhiteElo "2372"]
[BlackElo "2525"]
[EventDate "2010.05.05"]

1. d4 f5 2. Nf3 Nf6 3. g3 e6 4. Bg2 d5 5. O-O Bd6 6. c4 c6 7. b3 Nbd7 8.
Bb2 O-O 9. Ne5 Bxe5 10. dxe5 Ng4 11. cxd5 cxd5 12. Qd4 Nb8 13. f4 Nc6 14.
Qc5 Bd7 15. h3 b6 16. Qc1 Nh6 17. Nc3 Rc8 18. Qd2 Qe7 19. Rfd1 Rfd8 20.
Rac1 Na5 21. e3 Be8 22. Bf3 Qb4 23. Rc2 Rc7 24. Qc1 Nxb3 25. axb3 Qxb3 26.
Qd2 Rdc8 27. Rcc1 b5 28. Nxd5 Rc2 29. Qd4 R8c4 30. Qxa7 Rxb2 31. Qe7 Bg6
32. Nf6+ 1-0

[Event "40th Bosna Open"]
[Site "Sarajevo BIH"]
[Date "2010.05.06"]
[Round "2"]
[White "Arapovic,V"]
[Black "Berczes,D"]
[Result "0-1"]
[WhiteElo "2366"]
[BlackElo "2519"]
[EventDate "2010.05.05"]

1. e4 c6 2. Nc3 d5 3. Nf3 Bg4 4. h3 Bxf3 5. Qxf3 e6 6. d4 dxe4 7. Qxe4 Nf6
8. Qh4 Nbd7 9. Bd3 Bd6 10. Ne4 Be7 11. c3 e5 12. O-O exd4 13. Re1 Nxe4 14.
Qxe4 Nc5 15. Qe2 Nxd3 16. Qxd3 O-O 17. cxd4 Bf6 18. Be3 Qd5 19. Red1 Rfd8
20. Qa3 Rd7 21. Rac1 Be7 22. Qa4 Bd6 23. a3 h6 24. b4 a6 25. Rd3 Re8 26.
Qd1 Re6 27. f3 Rde7 28. Bf2 Rg6 29. Qf1 h5 30. Kh1 Rge6 31. Rdd1 Re2 32.
Re1 Qa2 33. Rxe2 Rxe2 34. Kg1 Bh2+ 35. Kxh2 Rxf2 36. Qg1 Qd2 37. Rc5 g6 38.
Kh1 Kh7 39. d5 Re2 40. dxc6 bxc6 41. Rc1 Rxg2 42. Qxg2 Qxc1+ 43. Kh2 Qxa3
44. Qe2 Qxb4 45. Qxa6 Qf4+ 46. Kg2 c5 47. Qc6 c4 0-1

[Event "40th Bosna Open"]
[Site "Sarajevo BIH"]
[Date "2010.05.06"]
[Round "2"]
[White "Plenca,J"]
[Black "Sebenik,M"]
[Result "0-1"]
[WhiteElo "2286"]
[BlackElo "2515"]
[EventDate "2010.05.05"]

1. e4 e6 2. d4 d5 3. Nd2 Nf6 4. e5 Nfd7 5. Bd3 c5 6. c3 Nc6 7. Ndf3 Qa5 8.
Bf4 Nxd4 9. Ng5 Nc6 10. Bxh7 Ndxe5 11. N1h3 Qa6 12. Bg3 g6 13. Nf4 Be7 14.
h4 Bd7 15. h5 Bxg5 16. hxg6 fxg6 17. Bxg6+ Nxg6 18. Rxh8+ Nxh8 19. Qh5+ Nf7
20. Qg6 Ne7 0-1

[Event "40th Bosna Open"]
[Site "Sarajevo BIH"]
[Date "2010.05.06"]
[Round "2"]
[White "Prohaszka,P2"]
[Black "Kargin,A"]
[Result "1/2-1/2"]
[WhiteElo "2510"]
[BlackElo "2392"]
[EventDate "2010.05.05"]

1. Nf3 Nf6 2. g3 b5 3. Bg2 Bb7 4. O-O e6 5. d3 d6 6. e4 Nbd7 7. Nc3 a6 8.
h3 Be7 9. Be3 c5 10. Ne2 Qc7 11. Nd2 d5 12. f3 Rd8 13. Qe1 O-O 14. g4 Ne8
15. Qg3 f5 16. Qxc7 Nxc7 17. Bf2 dxe4 18. fxe4 f4 19. Nf3 g5 20. Rad1 Bf6
21. Rfe1 h6 22. c3 e5 23. Nc1 Ne6 1/2-1/2

[Event "40th Bosna Open"]
[Site "Sarajevo BIH"]
[Date "2010.05.06"]
[Round "2"]
[White "Sengupta,D"]
[Black "Bejtovic,J"]
[Result "1-0"]
[WhiteElo "2508"]
[BlackElo "2379"]
[EventDate "2010.05.05"]

1. e4 c5 2. Nf3 Nc6 3. c3 e6 4. d4 d5 5. e5 Nh6 6. Bd3 cxd4 7. cxd4 Nf5 8.
Bxf5 exf5 9. Nc3 Be6 10. Ne2 h6 11. h4 Be7 12. h5 Rc8 13. O-O Qb6 14. Nf4
O-O 15. Re1 Nb4 16. Re2 Rc7 17. Be3 Rfc8 18. Ne1 a5 19. Rd2 Bf8 20. a3 Nc6
21. Ned3 Ne7 22. Nc5 Qc6 23. Qb3 b6 24. Na4 Rb7 25. Rd3 Bd7 26. Nc3 a4 27.
Qd1 b5 28. Qf3 Be6 29. Rdd1 Qd7 30. Qg3 Kh7 31. Rab1 Nc6 32. Nce2 Na5 33.
Nxe6 fxe6 34. Nf4 Re8 35. Rbc1 Nc4 36. Rc2 Qf7 37. Rd3 b4 38. axb4 Rxb4 39.
Bc1 Rb6 40. b3 axb3 41. Rxb3 Reb8 42. Rxb6 Rxb6 43. Kh2 Ra6 44. Rc3 Rb6 45.
Rb3 Rxb3 46. Qxb3 Qe8 47. Qg3 Na5 48. Ba3 Bxa3 49. Qxa3 Nc6 50. Qc5 Kg8 51.
Ng6 Nd8 52. Qc8 Kh7 53. g3 Kg8 54. Kg2 Kf7 55. Qc7+ Kg8 56. Ne7+ Kh7 57.
Nc8 f4 58. g4 Qf8 59. Nd6 Kg8 60. Qd7 Kh7 61. Ne8 1-0

[Event "40th Bosna Open"]
[Site "Sarajevo BIH"]
[Date "2010.05.06"]
[Round "2"]
[White "Berg,E"]
[Black "Djurovic,G"]
[Result "1-0"]
[WhiteElo "2616"]
[BlackElo "2318"]
[EventDate "2010.05.05"]

1. e4 c5 2. Nf3 d6 3. d4 cxd4 4. Nxd4 Nf6 5. Nc3 a6 6. Bg5 e6 7. f4 Qb6 8.
Qd3 Nbd7 9. O-O-O Be7 10. Qh3 Qc7 11. Bd3 b5 12. Rhe1 b4 13. Nce2 Bb7 14.
Ng3 Nc5 15. Nh5 Nxh5 16. Qxh5 g6 17. Qh4 Bxg5 18. Qxg5 Qe7 19. Qg3 e5 20.
Nf3 f6 21. Nd2 exf4 22. Qxf4 Nxd3+ 23. cxd3 Qe5 24. Qe3 Rc8+ 25. Kb1 Qc5
26. Qh6 Kf7 27. Nc4 d5 28. e5 dxc4 29. exf6 Kxf6 30. Rf1+ Ke6 31. Rde1+ Kd6
32. Rf6+ Kc7 33. Qf4+ Kd7 34. Rf7+ Kc6 35. Re6+ Kb5 36. Rxb7+ 1-0

[Event "40th Bosna Open"]
[Site "Sarajevo BIH"]
[Date "2010.05.06"]
[Round "2"]
[White "Batricevic,S"]
[Black "Saric,Iv"]
[Result "1/2-1/2"]
[WhiteElo "2306"]
[BlackElo "2580"]
[EventDate "2010.05.05"]

1. d4 Nf6 2. Nc3 d5 3. Bg5 Nbd7 4. Qd3 c6 5. e4 dxe4 6. Nxe4 Nxe4 7. Qxe4
h6 8. Bh4 g5 9. Bg3 Qa5+ 10. c3 f5 11. b4 Qa3 12. Qc2 f4 13. Bxf4 gxf4 14.
Ne2 Nf6 15. Nxf4 Bf5 16. Bd3 Bxd3 17. Qxd3 O-O-O 18. O-O Rg8 19. Qf5+ Rd7
20. Ne6 Qxc3 21. Rac1 Qxb4 22. Rc5 Qd2 23. Rc2 Qb4 24. Rc5 Qb2 25. d5 Nxd5
26. Rxd5 Rxd5 27. Qf7 Rd8 28. Qxg8 Qf6 29. Qg4 h5 30. Qh3 Rd5 31. Nxf8+ Rf5
32. Nh7 Qg6 33. Re1 Qxh7 34. Re5 e6 35. Rxe6 Kc7 36. Qa3 Rc5 37. h3 Qb1+
38. Kh2 Qf5 39. Re7+ Kb6 40. Qg3 Ka6 41. f4 Ra5 42. Re5 Rxe5 43. fxe5 Qe4
44. Qa3+ Kb6 45. Qd6 Qf4+ 46. Kh1 Qf1+ 47. Kh2 Qf4+ 48. Kh1 Qf1+ 1/2-1/2

[Event "40th Bosna Open"]
[Site "Sarajevo BIH"]
[Date "2010.05.06"]
[Round "2"]
[White "Kanmazalp,O"]
[Black "Maiorov,N1"]
[Result "1-0"]
[WhiteElo "2287"]
[BlackElo "2544"]
[EventDate "2010.05.05"]

1. e4 e5 2. Nf3 Nc6 3. Bb5 a6 4. Bxc6 dxc6 5. O-O f6 6. d4 exd4 7. Nxd4 c5
8. Ne2 Qxd1 9. Rxd1 Bd7 10. Nbc3 O-O-O 11. Be3 Re8 12. Rd2 Bc6 13. Rad1 b6
14. a4 Kb7 15. Ng3 Ne7 16. a5 g6 17. axb6 cxb6 18. Bf4 b5 19. Bd6 Bh6 20.
Re2 c4 21. b4 Nc8 22. Bc5 Rd8 23. f3 Rhe8 24. Kf2 Rxd1 25. Nxd1 Nb6 26. Bd4
Nd7 27. Ne3 Bf8 28. Bc3 a5 29. bxa5 b4 30. Bd4 c3 31. Re1 Ka6 32. Ra1 Ra8
33. Ne2 Kb5 34. a6 Ne5 35. a7 Bb7 36. Rb1 Bc5 37. Nxc3+ Kc6 38. Bxc5 Kxc5
39. Na4+ Kb5 40. Nc3+ Kc5 41. Ncd5 Bxd5 42. Nxd5 Nc6 43. c3 bxc3 44. Rc1
Rxa7 45. Rxc3+ Kd6 46. Nxf6 Ra2+ 47. Kg3 h5 48. h4 Nd4 49. Rd3 Ra4 50. Nd5
Ke5 51. Rd2 Ne6 52. f4+ Kxe4 53. Nc3+ Ke3 54. Re2+ Kd3 55. Rxe6 Kxc3 56.
Rxg6 Kd2 57. Re6 1-0

[Event "40th Bosna Open"]
[Site "Sarajevo BIH"]
[Date "2010.05.07"]
[Round "3"]
[White "Panarin,M"]
[Black "Timofeev,Arty"]
[Result "1/2-1/2"]
[WhiteElo "2521"]
[BlackElo "2677"]
[EventDate "2010.05.05"]

1. e4 e6 2. d4 d5 3. e5 c5 4. c3 Nc6 5. Nf3 Qb6 6. a3 f6 7. Bd3 fxe5 8.
dxe5 c4 9. Bc2 Nh6 10. O-O g6 11. b3 cxb3 12. Bxb3 Ng4 13. h3 Ngxe5 14.
Nxe5 Nxe5 15. Re1 Bg7 16. Bf4 Nc6 17. Bxd5 O-O 18. Be3 Qd8 19. Ba2 Qxd1 20.
Rxd1 Rd8 21. Rxd8+ Nxd8 22. Nd2 Bd7 23. Bd4 Bxd4 24. cxd4 Rc8 25. Ne4 Kg7
26. Nc5 Rc7 27. Re1 b6 28. Nxe6+ Bxe6 29. Bxe6 Re7 30. d5 Kf6 31. f3 Nxe6
32. dxe6 Rxe6 33. Rd1 Re3 34. a4 Ra3 35. Rd4 Ke5 36. Rh4 h5 37. Kf2 Ra2+
38. Kg3 Kd5 39. Rf4 Ke5 40. Re4+ Kd5 41. Rf4 Ke5 42. Re4+ Kd5 1/2-1/2

[Event "40th Bosna Open"]
[Site "Sarajevo BIH"]
[Date "2010.05.07"]
[Round "3"]
[White "Gustafsson,J"]
[Black "Sengupta,D"]
[Result "1/2-1/2"]
[WhiteElo "2640"]
[BlackElo "2508"]
[EventDate "2010.05.05"]

1. d4 d5 2. c4 dxc4 3. e3 Nf6 4. Bxc4 e6 5. Nf3 c5 6. O-O a6 7. dxc5 Bxc5
8. Qe2 Nc6 9. Nbd2 O-O 10. a3 e5 11. b4 Ba7 12. Bd3 Qe7 13. Ne4 Bf5 14.
Nxf6+ Qxf6 15. Bb2 Bxd3 16. Qxd3 Rad8 17. Qc4 Qe7 18. Rfd1 Bb8 19. g3 Rxd1+
20. Rxd1 Rd8 21. Rxd8+ Qxd8 22. Kg2 h6 23. a4 Qe8 24. Bc3 Qe6 25. Qxe6 fxe6
26. Nd2 b5 27. Ne4 bxa4 28. Nc5 e4 29. Nxa4 Bd6 30. Nc5 Bxc5 31. bxc5 Kf7
32. f3 exf3+ 33. Kxf3 Kg6 34. g4 Kf7 35. h4 g5 36. h5 Kg8 37. Ke4 Kf7 38.
Bb2 Kg8 39. Bc3 Kf7 40. Bb2 Kg8 41. Bc3 1/2-1/2

[Event "40th Bosna Open"]
[Site "Sarajevo BIH"]
[Date "2010.05.07"]
[Round "3"]
[White "Geetha,Narayanan Gopal"]
[Black "Petrosian,DG"]
[Result "1/2-1/2"]
[WhiteElo "2604"]
[BlackElo "2490"]
[EventDate "2010.05.05"]

1. e4 c5 2. Nf3 Nc6 3. Nc3 g6 4. d4 cxd4 5. Nxd4 Bg7 6. Be3 Nf6 7. Bc4 d6
8. h3 Bd7 9. Bb3 Na5 10. Qd2 Rc8 11. Bh6 O-O 12. O-O Nc4 13. Bxc4 Rxc4 14.
Bxg7 Kxg7 15. Qd3 b5 16. a4 Qb6 17. Ndxb5 Rfc8 18. Rfc1 a6 19. Na3 Rd4 20.
a5 Rxd3 21. axb6 Rd4 22. Nab1 Rb4 23. Rxa6 Rxb2 24. Nd1 1/2-1/2

[Event "40th Bosna Open"]
[Site "Sarajevo BIH"]
[Date "2010.05.07"]
[Round "3"]
[White "Berczes,D"]
[Black "Fier,A"]
[Result "1-0"]
[WhiteElo "2519"]
[BlackElo "2581"]
[EventDate "2010.05.05"]

1. Nf3 c5 2. c4 Nc6 3. Nc3 Nf6 4. g3 d5 5. d4 cxd4 6. Nxd4 e6 7. cxd5 exd5
8. Bg2 Be7 9. O-O O-O 10. Be3 Na5 11. Bg5 Be6 12. Nxe6 fxe6 13. Bh3 Qb6 14.
Be3 Qd6 15. Nb5 Qd7 16. Nd4 Qe8 17. Nxe6 Qh5 18. Nf4 Qe5 19. Bd4 Qd6 20.
Bc3 Nc4 21. Be6+ Kh8 22. Bxd5 Qa6 23. Bg2 Rad8 24. Qb3 b5 25. Rad1 Rde8 26.
e3 Bc5 27. Bd4 Bd6 28. Nd5 Ng4 29. Qc3 Nge5 30. b3 Na3 31. Nc7 Bxc7 32.
Qxc7 Rf7 33. Qc3 Rc8 34. Bxe5 1-0

[Event "40th Bosna Open"]
[Site "Sarajevo BIH"]
[Date "2010.05.07"]
[Round "3"]
[White "Bosiocic,Mari"]
[Black "Bitalzadeh,A"]
[Result "1-0"]
[WhiteElo "2562"]
[BlackElo "2420"]
[EventDate "2010.05.05"]

1. e4 c6 2. d4 d5 3. e5 c5 4. Nf3 Nc6 5. c4 cxd4 6. Nxd4 e6 7. Nc3 Bb4 8.
Nxc6 bxc6 9. Bd3 Ne7 10. O-O O-O 11. Qg4 Ng6 12. Bxg6 hxg6 13. Re1 Qa5 14.
Re3 d4 15. Qxd4 Bc5 16. Qf4 Bxe3 17. Qxe3 Rd8 18. Bd2 Qb6 19. Na4 Qd4 20.
Ba5 Rd7 21. Qxd4 Rxd4 22. b3 Re4 23. Bc7 f6 24. Nc5 Rd4 25. Ba5 Kf7 26. f3
a6 27. Kf2 Ra7 28. Ke3 Rad7 29. Nxd7 Rxd7 30. h4 Bb7 31. Bb4 fxe5 32. Bc3
Kf6 33. Re1 g5 34. hxg5+ Kxg5 35. Kf2 Kf6 36. Rxe5 Kf7 37. Ke2 Rd8 38. Rg5
g6 39. Rg4 Bc8 40. Rf4+ Kg8 41. Rf6 Kh7 42. Rf7+ Kh6 43. Bg7+ Kh7 44. Bf6+
Kg8 45. Rg7+ Kf8 46. Be5 Rd7 47. Rxg6 Rh7 48. Rg4 Rh5 49. Bd6+ Kf7 50. Rf4+
Ke8 51. Rf8+ Kd7 52. Bf4 Rf5 53. Rxf5 exf5 54. b4 Ke6 55. Kd3 c5 56. bxc5
Bd7 57. g4 Ba4 58. g5 Bc6 59. Ke3 Kf7 60. Bc7 Kg6 61. f4 Kf7 62. Kd4 Ke6
63. Kc3 1-0

[Event "40th Bosna Open"]
[Site "Sarajevo BIH"]
[Date "2010.05.07"]
[Round "3"]
[White "Rapport,R"]
[Black "Nevednichy,V"]
[Result "1/2-1/2"]
[WhiteElo "2509"]
[BlackElo "2560"]
[EventDate "2010.05.05"]

1. d4 Nf6 2. c4 d6 3. Nf3 g6 4. Nc3 Bg7 5. e4 O-O 6. Be2 c5 7. d5 e6 8. O-O
Re8 9. h3 a6 10. Bg5 h6 11. Be3 exd5 12. exd5 Ne4 13. Nxe4 Rxe4 14. Qd2 Kh7
15. Bd3 Re8 16. Bf4 b5 17. cxb5 axb5 18. Bxb5 Bd7 19. Bc4 Qf6 20. Rae1 Na6
21. Rxe8 Bxe8 22. Nh2 Qd8 23. Ng4 h5 24. Nh2 Nc7 25. Bg5 f6 26. Bf4 Bf7 27.
Nf3 Qd7 28. b3 Kg8 29. a4 g5 30. Bh2 Bf8 31. Qd3 Kg7 32. Ne1 Bg6 33. Qd1
Qf5 34. Nd3 Ra7 35. f4 g4 36. hxg4 hxg4 37. Nf2 Bf7 38. Bd3 Qh5 39. Ne4 g3
40. Qxh5 Bxh5 41. Nxg3 Bf7 42. Nf5+ Kg8 43. Bc4 Bxd5 44. Bxd5+ Nxd5 45. Rd1
Nc3 46. Rd3 Ne2+ 47. Kf2 Nc1 48. Rc3 Na2 49. Rg3+ Kh7 50. Rh3+ Kg8 51. Kf3
d5 52. Bg1 Rb7 53. Kg4 d4 54. Bf2 Nc1 55. a5 d3 56. Be1 Rxb3 57. a6 Ra3 58.
a7 Rxa7 59. Bd2 Ra2 60. Bxc1 Rxg2+ 61. Kh5 c4 62. Ne3 d2 63. Bxd2 Rxd2 64.
Nxc4 Rd4 65. Ne3 Kf7 66. Kg4 1/2-1/2

[Event "40th Bosna Open"]
[Site "Sarajevo BIH"]
[Date "2010.05.07"]
[Round "3"]
[White "Jankovic,A"]
[Black "Mazi,L"]
[Result "1-0"]
[WhiteElo "2559"]
[BlackElo "2383"]
[EventDate "2010.05.05"]

1. d4 d5 2. Nf3 Nf6 3. c4 dxc4 4. e3 e6 5. Bxc4 c5 6. O-O a6 7. Bb3 Nc6 8.
Nc3 cxd4 9. exd4 Be7 10. Re1 O-O 11. a4 Nb4 12. Ne5 Bd7 13. Re3 Be8 14. Rg3
Kh8 15. Be3 Rc8 16. Rh3 Kg8 17. Qf3 Bc6 18. Qg3 Bd5 19. Nxd5 Nbxd5 20. Bh6
Ne8 21. Re1 Qa5 22. Kf1 Rc7 23. Nc4 Rxc4 24. Bxc4 Bd6 25. Qh4 Ndf6 26. Bxg7
Kxg7 27. Qh6+ Kh8 28. Bd3 Be7 29. Bxh7 Ng4 30. Qf4 Qg5 31. Bf5+ Nh6 32.
Rxh6+ Kg7 33. Rh7+ Kg8 34. Qxg5+ Bxg5 35. Rh3 1-0

[Event "40th Bosna Open"]
[Site "Sarajevo BIH"]
[Date "2010.05.07"]
[Round "3"]
[White "Tratar,M"]
[Black "Godena,M"]
[Result "1/2-1/2"]
[WhiteElo "2507"]
[BlackElo "2554"]
[EventDate "2010.05.05"]

1. d4 d5 2. c4 dxc4 3. Nf3 Nf6 4. e3 Be6 5. Nc3 h6 6. Ne5 c5 7. Qa4+ Nbd7
8. Bxc4 Bxc4 9. Qxc4 e6 10. Nxd7 Qxd7 11. dxc5 Qc6 12. Qa4 Qxa4 13. Nxa4
Nd7 14. b3 Nxc5 15. Nxc5 Bxc5 16. Bb2 f6 17. Rc1 Bd6 18. Ke2 Ke7 19. Rc4
Rac8 20. Rhc1 Rxc4 21. Rxc4 h5 22. h3 1/2-1/2

[Event "40th Bosna Open"]
[Site "Sarajevo BIH"]
[Date "2010.05.07"]
[Round "3"]
[White "Solak,D"]
[Black "Gislason,G"]
[Result "1-0"]
[WhiteElo "2547"]
[BlackElo "2372"]
[EventDate "2010.05.05"]

1. c4 Nf6 2. Nc3 g6 3. e4 d6 4. d4 Bg7 5. Nf3 O-O 6. Be2 e5 7. Be3 Ng4 8.
Bg5 f6 9. Bc1 Nc6 10. d5 Ne7 11. h3 Nh6 12. h4 c6 13. h5 g5 14. Nh2 cxd5
15. cxd5 Bd7 16. g4 a6 17. Nf1 b5 18. Ne3 Qb6 19. Qb3 Rab8 20. a3 a5 21. a4
bxa4 22. Qxb6 Rxb6 23. Nxa4 Rb4 24. Nc3 a4 25. f3 Rc8 26. Nc2 Rb3 27. Ra3
f5 28. gxf5 Nexf5 29. exf5 Nxf5 30. Rxb3 axb3 31. Na3 e4 32. fxe4 Ng3 33.
Rg1 Nxe4 34. Bxg5 Nxg5 35. Rxg5 Kh8 36. Nc4 1-0

[Event "40th Bosna Open"]
[Site "Sarajevo BIH"]
[Date "2010.05.07"]
[Round "3"]
[White "Efimenko,Z"]
[Black "Saric,A"]
[Result "1-0"]
[WhiteElo "2677"]
[BlackElo "2489"]
[EventDate "2010.05.05"]

1. d4 Nf6 2. c4 e6 3. Nc3 d5 4. cxd5 Nxd5 5. Nf3 c5 6. e3 Be7 7. Bd3 Nd7 8.
O-O O-O 9. Nxd5 exd5 10. b3 b6 11. Bb2 Bb7 12. Qe2 a5 13. a4 Bd6 14. Rfd1
Qe7 15. Qc2 h6 16. Bh7+ Kh8 17. Bf5 Rfd8 18. Rac1 Nb8 19. Qc3 Qf8 20. Bb1
Nc6 21. Qd3 Qg8 22. Qf5 cxd4 23. Nxd4 Ne7 24. Qh5 f6 25. Nb5 Qe6 26. Nc7
Bxc7 27. Rxc7 Bc6 28. Rc1 Be8 29. Qd1 Rd7 30. h3 Bg6 31. Bxg6 Nxg6 32. R1c6
Rd6 33. Qc2 Ne7 34. Rxd6 Qxd6 35. Qc1 Qd8 36. Bd4 Rb8 37. g3 Qd6 38. Qc2
Qe6 39. Kg2 Nf5 40. Bb2 d4 41. g4 Qd5+ 42. e4 Nh4+ 43. Kg3 Qd6+ 44. Kxh4 d3
45. Qc6 Qf4 46. Bxf6 Rg8 47. Bc3 d2 48. Rd7 Qxf2+ 49. Kh5 Qe3 50. h4 Qf4
51. Qg6 1-0

[Event "40th Bosna Open"]
[Site "Sarajevo BIH"]
[Date "2010.05.07"]
[Round "3"]
[White "Das,Arg"]
[Black "Mamedov,Rau"]
[Result "1/2-1/2"]
[WhiteElo "2481"]
[BlackElo "2653"]
[EventDate "2010.05.05"]

1. e4 c5 2. Nf3 Nc6 3. d4 cxd4 4. Nxd4 Nf6 5. Nc3 d6 6. Bg5 e6 7. Qd2 a6 8.
O-O-O Bd7 9. f3 Qc7 10. Kb1 Be7 11. h4 h6 12. Be3 h5 13. Bg5 Ne5 14. Bd3 b5
15. Rhe1 Qb6 16. Nce2 Nc4 17. Bxc4 bxc4 18. Ka1 Rb8 19. Rb1 Qc5 20. Be3 Qc7
21. Bg5 Qc5 22. Be3 Qc8 23. Nc3 Bd8 24. Nde2 Be7 25. Bf4 Qc7 26. Red1 Rb6
27. Be3 Rb7 28. Bf4 Rb6 29. Be3 Rb7 30. Bf4 1/2-1/2

[Event "40th Bosna Open"]
[Site "Sarajevo BIH"]
[Date "2010.05.07"]
[Round "3"]
[White "Vuckovic,Bo"]
[Black "Grandelius,N"]
[Result "1/2-1/2"]
[WhiteElo "2640"]
[BlackElo "2476"]
[EventDate "2010.05.05"]

1. e4 c5 2. Nf3 e6 3. d4 cxd4 4. Nxd4 a6 5. c4 Nf6 6. Nc3 Qc7 7. a3 b6 8.
Be3 Bb7 9. f3 d6 10. Be2 Be7 11. Rc1 O-O 12. O-O Nbd7 13. b4 Rac8 14. Kh1
Rfe8 15. Qd2 Qb8 16. Rc2 h5 17. Bf2 h4 18. h3 Ne5 19. Na4 Nfd7 20. Nb2 Bf6
21. Re1 Ng6 22. Bf1 Red8 23. Qc1 Nde5 24. Na4 Nd7 25. Be3 Ba8 26. Nb2 Re8
27. Nd3 Nde5 28. Nf2 Rcd8 29. Rd1 Kh7 30. f4 Nd7 31. Nf3 Kg8 32. Rcd2 Be7
33. Bd3 Nf6 34. Qb1 Nh5 35. f5 Ngf4 36. fxe6 fxe6 37. Bxf4 Nxf4 38. Bf1 Rf8
39. Nd4 Bf6 40. Ng4 Bxd4 41. Rxd4 Nh5 42. e5 dxe5 43. Rxd8 Rxd8 44. Qg6
Rxd1 45. Nh6+ Kh8 46. Nf7+ Kg8 47. Nh6+ Kh8 1/2-1/2

[Event "40th Bosna Open"]
[Site "Sarajevo BIH"]
[Date "2010.05.07"]
[Round "3"]
[White "Gerzhoy,L"]
[Black "Ivanisevic,I"]
[Result "1/2-1/2"]
[WhiteElo "2469"]
[BlackElo "2630"]
[EventDate "2010.05.05"]

1. d4 Nf6 2. c4 g6 3. Nc3 Bg7 4. e4 d6 5. f3 O-O 6. Be3 e5 7. Nge2 Nfd7 8.
Qd2 a5 9. O-O-O Nb6 10. b3 a4 11. Kb1 axb3 12. axb3 Na6 13. Nc1 Bd7 14. h4
exd4 15. Bxd4 Bxd4 16. Qxd4 Nc5 17. h5 Ne6 18. Qd2 Qf6 19. hxg6 fxg6 20.
Qb2 Bc6 21. Nd5 Qxb2+ 22. Kxb2 Nd7 23. Ne2 Kg7 24. Nd4 Bxd5 25. cxd5 Nxd4
26. Rxd4 Ne5 27. Be2 g5 28. Rc1 Rf7 29. Ra4 Rxa4 30. bxa4 g4 31. a5 Kg6 32.
Kc3 Kg5 33. Rb1 gxf3 34. gxf3 c6 35. dxc6 Nxc6 36. Kd2 Kf4 37. Rh1 Nxa5 38.
Rh4+ Kg5 39. Rh1 Kf4 40. Rh4+ Kg5 41. Rh1 Kf4 1/2-1/2